000 00655nmc a2200253 a 4500
003 AR-BaBNM
005 20251128211521.0
008 264120s1997 ||||||||||||||000 | spa||
020 _a950-581-595-6
040 _cAR-BaBNM
100 1 _aGrau, Silvia
245 1 0 _a¡Qué bestias!
260 _aBuenos Aires
_bColihue
_c1997
300 _a17 p.
_bil. col.
490 0 _aRe-cortala
500 _aHojas para recortar y hojas para pegar
650 4 _aACTIVIDADES DE APRENDIZAJE
650 4 _aACTIVIDADES RECREATIVAS
650 4 _aEDUCACION ARTISTICA
650 4 _aLIBROS PARA NINOS
655 _aLITERATURA
942 _cBK
998 _cEugenia
999 _c19997
_d19997